000 00753cam a2200229 a 4500
001 000018844
005 20200929165850.0
008 720620s1970 mx 000 0aspa d
040 _aDO-SdBNP
_bspa
_cLC
_dBNPHU
082 _aC863.44
_bA282n
100 1 _aAgudelo, William,
_d1943-
_940603
245 1 0 _aNuestro lecho es de flores /
_cWilliam Agudelo ; prólogo Ernesto Cardenal.
260 _aMéxico, D. F. :
_bJoaquín Mortiz,
_c1970.
300 _a435 p. ;
_c20 cm.
490 1 _aNueva Narrativa Hispánica
650 4 _aNovela colombiana
_91243
650 4 _aLiteratura colombiana
_91244
700 1 _aCardenal, Ernesto,
_epról.
_914714
830 0 _aNueva Narrativa Hispánica
_922702
910 _aCatalogación derivada / LC
049 _aBNGR
999 _c18364
_d18364